Kompetenciafejlesztési lehetőségek a hon- és népismeret területén
Elmentve itt :
| Szerzők: | |
|---|---|
| Dokumentumtípus: | Könyv |
| Kulcsszavak: | honismeret magyarország népismeret magyar néprajz |
| Tárgyszavak: | |
| Online Access: | http://eta.bibl.u-szeged.hu/1663 |
| LEADER | 00733nnm a2200229 i 4500 | ||
|---|---|---|---|
| 001 | eta1663 | ||
| 005 | 20190204054256.0 | ||
| 008 | 190204suuuu hu o 0|| hun d | ||
| 040 | |a SZTE Elektronikus Tananyag Archívum |b hun | ||
| 041 | |a hun | ||
| 100 | 1 | |a Kántor Judit | |
| 245 | 1 | 0 | |a Kompetenciafejlesztési lehetőségek a hon- és népismeret területén |h [elektronikus dokumentum] / |c Kántor Judit |
| 516 | |a Book | ||
| 650 | 4 | |a Társadalomtudományok | |
| 650 | 4 | |a Bölcsészettudományok | |
| 695 | |a honismeret | ||
| 695 | |a magyarország | ||
| 695 | |a népismeret | ||
| 695 | |a magyar | ||
| 695 | |a néprajz | ||
| 700 | 0 | 1 | |a Rigó Róbert |e aut |
| 856 | 4 | 0 | |u https://eta.bibl.u-szeged.hu/1663/2/komp_fejl/index.html |z Dokumentum-elérés |